ბათუმის შოთა რუსთაველის სახელმწიფო უნივერსიტეტის ბიბლიოთეკა

წერითი მეტყველების სწავლების სტრატეგიები. (ბიბ.ჩანაწერი № 43919)

000 -LEADER
fixed length control field 00736nam a2200217Ia 4500
001 - CONTROL NUMBER
control field 10668
003 - CONTROL NUMBER IDENTIFIER
control field GE_BSU
008 - FIXED-LENGTH DATA ELEMENTS--GENERAL INFORMATION
fixed length control field 181216s||||||||xx |||||||||||||| ||und||
020 ## - INTERNATIONAL STANDARD BOOK NUMBER
International Standard Book Number 9789941918919
040 ## - CATALOGING SOURCE
Transcribing agency GE_BSU
080 ## - UNIVERSAL DECIMAL CLASSIFICATION NUMBER
Universal Decimal Classification number 37.016:808.1(072)
100 ## - MAIN ENTRY--PERSONAL NAME
Personal name თოფაძე,ქეთევან.
245 ## - TITLE STATEMENT
Title წერითი მეტყველების სწავლების სტრატეგიები.
260 ## - PUBLICATION, DISTRIBUTION, ETC.
Place of publication, distribution, etc. თბილისი.
260 ## - PUBLICATION, DISTRIBUTION, ETC.
Name of publisher, distributor, etc. არტლაინსი.
260 ## - PUBLICATION, DISTRIBUTION, ETC.
Date of publication, distribution, etc. 2011.
300 ## - PHYSICAL DESCRIPTION
Extent 48გვ;25სმ.
653 ## - INDEX TERM--UNCONTROLLED
Uncontrolled term წერითი მეტყველების სწავლების სტრატეგიები.
942 ## - ADDED ENTRY ELEMENTS (KOHA)
Koha item type წიგნი
ეგზემპლარები
Withdrawn status Lost status Damaged status Not for loan Date acquired Barcode Date last seen Price effective from Koha item type Public note
        2018-12-17 34815 2018-12-17 2018-12-17 წიგნი  
        2018-12-17 34816 2018-12-17 2018-12-17 წიგნი  
        2018-12-17 34817 2018-12-17 2018-12-17 წიგნი  
        2018-12-17 34818 2018-12-17 2018-12-17 წიგნი  
        2018-12-17 34819 2018-12-17 2018-12-17 წიგნი  
        2018-12-17 34820 2018-12-17 2018-12-17 წიგნი  
        2018-12-17 34821 2018-12-17 2018-12-17 წიგნი  
        2018-12-17 34822 2018-12-17 2018-12-17 წიგნი  
        2018-12-17 34823 2018-12-17 2018-12-17 წიგნი  
        2018-12-17 34824 2018-12-17 2018-12-17 წიგნი  
        2018-12-17 41084 2018-12-17 2018-12-17 წიგნი  
        2018-12-17 41085 2018-12-17 2018-12-17 წიგნი  
        2018-12-17 41086 2018-12-17 2018-12-17 წიგნი  
        2018-12-17 41087 2018-12-17 2018-12-17 წიგნი  
        2018-12-17 41088 2018-12-17 2018-12-17 წიგნი  
        2018-12-17 41089 2018-12-17 2018-12-17 წიგნი  
        2018-12-17 41090 2018-12-17 2018-12-17 წიგნი  
        2018-12-17 41091 2018-12-17 2018-12-17 წიგნი  
        2018-12-17 41092 2018-12-17 2018-12-17 წიგნი  
        2018-12-17 41093 2018-12-17 2018-12-17 წიგნი  
        2018-12-17 47616 2018-12-17 2018-12-17 წიგნი 8ლ.5თ.
        2018-12-17 47617 2018-12-17 2018-12-17 წიგნი 8ლ.5თ.
        2018-12-17 47618 2018-12-17 2018-12-17 წიგნი 8ლ.5თ.
        2018-12-17 47619 2018-12-17 2018-12-17 წიგნი 8ლ.5თ.
        2018-12-17 47620 2018-12-17 2018-12-17 წიგნი 8ლ.5თ.
        2018-12-17 47621 2018-12-17 2018-12-17 წიგნი 8ლ.5თ.
        2018-12-17 47622 2018-12-17 2018-12-17 წიგნი 8ლ.5თ.
        2018-12-17 47623 2018-12-17 2018-12-17 წიგნი 8ლ.5თ.
        2018-12-17 47624 2018-12-17 2018-12-17 წიგნი 8ლ.5თ.
        2018-12-17 47625 2018-12-17 2018-12-17 წიგნი 8ლ.5თ.